000 00812nam a22002537a 4500
005 20170123162317.0
010 _aA-441460
020 _c45.00
035 _aA-441460
037 _bCen Lib/Ret
040 _aDPL
_bUR
082 _a841
_bغ ل ا
100 _aغلام ربّانی تاباں
_9113509
245 _aغُبارِ مَنزل /
_cغلام ربّانی تاباں
246 _aGhubar-e-manzil /
_bby Ghulam Rabbani Taban
260 _aدہلی
_bمقتبہ جامہ لمیٹڈ
_c1990
270 _bدہلی
_aاردو بازار
_e110006
300 _a132p.
_c21cm(Hb)
650 _aاردو ادب
_9115461
650 _aاردونظم
_9115462
650 _aUrdu literature
_9115463
650 _aUrdu poetry
_9115464
942 _2ddc
_cUR
_h841
_mغ ل ا
999 _c106834
_d106834